[Event "Utrecht OKU op-B 45th"]
[Site "Utrecht"]
[Date "2018.06.03"]
[Round "6"]
[White "Gevorkjan, Lewon"]
[Black "Schoenmakers, Nico"]
[Result "0-1"]
[WhiteElo "1817"]
[BlackElo "1710"]
[PlyCount "114"]
[EventDate "2018.06.01"]
[EventType "swiss"]
[EventRounds "6"]
[EventCountry "NED"]
[SourceTitle "EXT 2019"]
[Source "ChessBase"]
[SourceDate "2018.10.10"]
[SourceVersion "1"]
[SourceVersionDate "2018.10.10"]
[SourceQuality "1"]

1. Nf3 d5 2. e3 e6 3. c4 c6 4. b3 Nf6 5. Bb2 Be7 6. Nc3 0-0 7. Be2 Nbd7 8. Qc2 dxc4 9. bxc4 c5 10. 0-0 b6 11. d4 Bb7 12. Rad1 Qc7 13. h3 Rad8 14. Ne1 Rfe8 15. Bf3 cxd4 16. Bxb7 dxc3 17. Qxc3 Qxb7 18. Nf3 Nc5 19. Qc2 Qe4 20. Qe2 Rxd1 21. Rxd1 Rd8 22. Bd4 Qa8 23. Qb2 Qc8 24. Kh1 Nce4 25. g4 Bf8 26. Rg1 Qxc4 27. g5 Nh5 28. Ne5 Qd5 29. Rg2 g6 30. Ng4 Qa5 31. Qe2 Bg7 32. Bxg7 Nxg7 33. Nh6+ Kf8 34. Qf3 Nxg5 35. Rxg5 f5 36. Kg1 Qd5 37. Qg3 Qe4 38. f3 Qb1+ 39. Kh2 Rd2+ 40. Qg2 Qxa2 41. e4 Rxg2+ 42. Rxg2 Qb3 43. exf5 exf5 44. Rf2 Qe3 45. Kg2 Qxh6 46. f4 Ne6 47. Kg3 Qg7 48. Rf3 Qd4 49. Rf1 Qd3+ 50. Rf3 Qxf3+ 51. Kxf3 b5 52. Ke3 b4 53. Kf3 b3 54. Kg3 b2 55. Kh4 b1Q 56. Kg3 Qd3+ 57. Kh4 Qe2 0-1

[Event "NED-ch U16"]
[Site "Assen"]
[Date "2018.05.03"]
[Round "5"]
[White "Ypma, Jord"]
[Black "Gevorkjan, Lewon"]
[Result "0-1"]
[WhiteElo "1737"]
[BlackElo "1821"]
[PlyCount "86"]
[EventDate "2018.04.29"]
[EventType "swiss"]
[EventRounds "7"]
[EventCountry "NED"]
[SourceTitle "CBM 184 Extra"]
[Source "ChessBase"]
[SourceDate "2018.06.28"]
[SourceVersion "1"]
[SourceVersionDate "2018.06.28"]
[SourceQuality "1"]

1. d4 Nf6 2. Bf4 e6 3. e3 c5 4. Nf3 Nc6 5. c3 Be7 6. h3 b6 7. Nbd2 0-0 8. Bd3 Bb7 9. 0-0 cxd4 10. exd4 Nh5 11. Bh2 f5 12. Ne5 Nxe5 13. Bxe5 Nf6 14. Qe2 Qe8 15. Bxf6 Bxf6 16. f4 Kh8 17. Nf3 Rg8 18. Ba6 Bxf3 19. Qxf3 Rb8 20. a4 Qf7 21. Be2 g5 22. fxg5 Rxg5 23. Qd3 Rbg8 24. Bf3 Rg3 25. Qe2 Rxh3 26. Kf2 Rhg3 27. Ke3 Qe7 28. Kd2 Qd6 29. Kc2 Rc8 30. Rad1 Rg7 31. Kb1 Qc7 32. Rfe1 Qc4 33. Qc2 b5 34. axb5 Qxb5 35. Re3 Qb6 36. Re2 d5 37. Qd2 Rc6 38. Rde1 Rd6 39. Qh6 Bg5 40. Qh5 Qc6 41. g4 f4 42. Re5 Bf6 43. Bxd5 Rxd5 0-1

[Event "NED-ch U14"]
[Site "Assen"]
[Date "2017.04.28"]
[Round "8"]
[White "Gevorkjan, Lewon"]
[Black "Shakhverdian, William"]
[Result "1/2-1/2"]
[WhiteElo "1815"]
[BlackElo "1732"]
[PlyCount "122"]
[EventDate "2017.04.23"]
[EventType "swiss"]
[EventRounds "9"]
[EventCountry "NED"]
[SourceTitle "CBM 178 Extra"]
[Source "ChessBase"]
[SourceDate "2017.06.22"]
[SourceVersion "1"]
[SourceVersionDate "2017.06.22"]
[SourceQuality "1"]

1. e4 e5 2. Nf3 Nc6 3. Nc3 Nf6 4. Bb5 Bc5 5. 0-0 d6 6. h3 0-0 7. d3 h6 8. Bd2 a6 9. Bc4 Be6 10. b3 Bd7 11. a4 Ne7 12. Be3 Bxe3 13. fxe3 c6 14. d4 exd4 15. exd4 Qc7 16. Bd3 Ng6 17. Qd2 Qa5 18. Nd5 Qd8 19. Nxf6+ Qxf6 20. Ne5 Qe7 21. Nxd7 Qxd7 22. Rae1 c5 23. dxc5 dxc5 24. Qc3 Rac8 25. Kh1 Qd4 26. Qa5 Ne5 27. Rd1 Nxd3 28. cxd3 Qd8 29. Qc3 Qd4 30. Qc4 Rcd8 31. Qc2 Rfe8 32. Qa2 Re6 33. Qe2 Qc3 34. Qh5 Re7 35. Qh4 Red7 36. Rf5 Qxb3 37. Rdf1 Qxd3 38. R1f3 Qd1+ 39. Kh2 Qd6+ 40. Rg3 Qe6 41. Rf6 Qe5 42. Rxh6 g6 43. Rh5 Qg7 44. Rxc5 Rd1 45. e5 R1d5 46. Re3 Rxc5 47. Qxd8+ Qf8 48. Qd3 Qe7 49. e6 Qc7+ 50. Rg3 Rg5 51. exf7+ Kxf7 52. Qb3+ Kg7 53. h4 Qxg3+ 54. Qxg3 Rxg3 55. Kxg3 b5 56. axb5 axb5 57. Kf3 Kf6 58. g4 b4 59. Ke3 Ke5 60. h5 gxh5 61. gxh5 Kf5 1/2-1/2

[Event "NED-ch U14"]
[Site "Assen"]
[Date "2017.04.26"]
[Round "6"]
[White "Gevorkjan, Lewon"]
[Black "Boghossian, Wahe"]
[Result "1-0"]
[WhiteElo "1815"]
[BlackElo "1863"]
[PlyCount "105"]
[EventDate "2017.04.23"]
[EventType "swiss"]
[EventRounds "9"]
[EventCountry "NED"]
[SourceTitle "CBM 178 Extra"]
[Source "ChessBase"]
[SourceDate "2017.06.22"]
[SourceVersion "1"]
[SourceVersionDate "2017.06.22"]
[SourceQuality "1"]

1. e4 e5 2. Nf3 Nc6 3. Nc3 Nf6 4. Bb5 a6 5. Bxc6 dxc6 6. Nxe5 Bc5 7. 0-0 0-0 8. d3 Re8 9. Nc4 Be6 10. Ne3 Qe7 11. Re1 Rad8 12. Bd2 b5 13. h3 h6 14. Ne2 Bc8 15. Ng3 g6 16. Qf3 Bd6 17. Bc3 Be5 18. a3 Nh7 19. Ng4 Ng5 20. Qe3 Bxc3 21. bxc3 h5 22. Nh2 Qf6 23. e5 Qe7 24. f4 Nh7 25. Ne4 Rd5 26. Nf3 Bf5 27. Nfd2 Red8 28. Qa7 Nf8 29. Nf6+ Kg7 30. Nxd5 cxd5 31. Qxa6 Ne6 32. Qxb5 Nxf4 33. Nf3 d4 34. Qc6 dxc3 35. Qxc3 g5 36. e6+ Kh6 37. exf7 Qxf7 38. Qe5 Rd5 39. Qe7 Qxe7 40. Rxe7 Rc5 41. Re5 Rxe5 42. Nxe5 Be6 43. c4 Kg7 44. a4 Kf6 45. d4 Ne2+ 46. Kf2 Nxd4 47. Nf3 Nb3 48. Rb1 Bxc4 49. Ke3 Na5 50. Kd4 Bb3 51. Kc3 Bf7 52. Nd4 Nc4 53. Rf1+ 1-0

[Event "NED-ch U14"]
[Site "Assen"]
[Date "2017.04.25"]
[Round "4"]
[White "Gevorkjan, Lewon"]
[Black "Brands, Kevin"]
[Result "0-1"]
[WhiteElo "1815"]
[BlackElo "1531"]
[PlyCount "98"]
[EventDate "2017.04.23"]
[EventType "swiss"]
[EventRounds "9"]
[EventCountry "NED"]
[SourceTitle "CBM 178 Extra"]
[Source "ChessBase"]
[SourceDate "2017.06.22"]
[SourceVersion "1"]
[SourceVersionDate "2017.06.22"]
[SourceQuality "1"]

1. e4 c5 2. Ne2 Nc6 3. g3 Nf6 4. Bg2 g6 5. c3 Bg7 6. d4 cxd4 7. cxd4 d6 8. 0-0 0-0 9. Be3 Ng4 10. Nbc3 Nxe3 11. fxe3 e5 12. d5 Ne7 13. Qd3 Qb6 14. Nc1 Bh6 15. Re1 f5 16. Kh1 fxe4 17. Bxe4 Qxb2 18. N1e2 Qb6 19. Ng1 Bf5 20. Rab1 Bxe4+ 21. Qxe4 Qc5 22. Rb3 Nf5 23. Nd1 b6 24. Nf3 Rac8 25. Nf2 Qc4 26. Nd2 Qxe4+ 27. Nfxe4 Rc2 28. g4 Ne7 29. Ra3 Nxd5 30. g5 Bxg5 31. Nxg5 Rxd2 32. Ne4 Rc2 33. Rxa7 Nxe3 34. Rd7 Ng4 35. h3 Nf6 36. Nxf6+ Rxf6 37. Kg1 Rxa2 38. Rc1 Raf2 39. Rc8+ Rf8 40. Rc6 e4 41. Re7 d5 42. Rxb6 R8f7 43. Re8+ Kg7 44. Rd6 R2f5 45. Kg2 Kh6 46. h4 Kh5 47. Red8 Kxh4 48. Rxg6 Rf2+ 49. Kh1 hxg6 0-1

[Event "NED-ch U14"]
[Site "Assen"]
[Date "2017.04.24"]
[Round "3"]
[White "Elgersma, Onno"]
[Black "Gevorkjan, Lewon"]
[Result "1-0"]
[WhiteElo "2026"]
[BlackElo "1815"]
[PlyCount "97"]
[EventDate "2017.04.23"]
[EventType "swiss"]
[EventRounds "9"]
[EventCountry "NED"]
[SourceTitle "CBM 178 Extra"]
[Source "ChessBase"]
[SourceDate "2017.06.22"]
[SourceVersion "1"]
[SourceVersionDate "2017.06.22"]
[SourceQuality "1"]

1. e4 d5 2. exd5 Nf6 3. Nf3 Nxd5 4. d4 Bg4 5. c3 e6 6. Be2 Nd7 7. 0-0 c5 8. Re1 Be7 9. dxc5 Nxc5 10. h3 Bh5 11. Bb5+ Nd7 12. g4 Bg6 13. Ne5 N5b6 14. Be3 f6 15. Bxb6 Qxb6 16. Qxd7+ Kf8 17. Nxg6+ hxg6 18. Rxe6 Qd8 19. Qxd8+ Rxd8 20. Na3 Rxh3 21. Kg2 Rh4 22. f3 a6 23. Bc4 b5 24. Bf1 Bd6 25. Rd1 Rh2+ 26. Kg1 Bc5+ 27. Kxh2 Rxd1 28. Kg2 Kf7 29. Re2 f5 30. b4 Be7 31. Nc2 fxg4 32. fxg4 Bf6 33. Ne3 Rd3 34. g5 Rxe3 35. Rxe3 Bxg5 36. Rd3 Ke6 37. Kf3 Ke5 38. Bh3 Bf4 39. Bc8 g5 40. Bxa6 Kf5 41. Rd5+ Kg6 42. Bxb5 Kh5 43. Be8+ Kh4 44. Rd1 Bh2 45. Bd7 g4+ 46. Bxg4 g5 47. Rd8 Be5 48. Rd7 Bg7 49. Rd1 1-0